[Event "Tomsk-ch"]
[Site "Tomsk"]
[Date "2008.12.??"]
[Round "4"]
[White "Kartashov, Dmitry"]
[Black "Konstantinov, Vasiliy"]
[Result "1-0"]
[WhiteElo "2221"]
[BlackElo "2246"]
[PlyCount "35"]
[EventDate "2008.12.15"]
[EventType "tourn"]
[EventRounds "9"]
[EventCountry "RUS"]
[SourceTitle "EXT 2022"]
[Source "ChessBase"]
[SourceDate "2021.10.06"]
[SourceVersion "1"]
[SourceVersionDate "2021.10.06"]
[SourceQuality "1"]

1. d4 d5 2. c4 c6 3. Nc3 Nf6 4. Nf3 e6 5. Bg5 h6 6. Bxf6 Qxf6 7. e3 Nd7 8. Rc1 a6 9. Qb3 g5 10. Be2 Qg7 11. 0-0 Bd6 12. Rfd1 g4 13. Nd2 f5 14. cxd5 exd5 15. Nxd5 h5 16. Nc4 Rh6 17. Nxd6+ Rxd6 18. Nc7+ 1-0

[Event "Tomsk-ch"]
[Site "Tomsk"]
[Date "2008.12.??"]
[Round "5"]
[White "Konstantinov, Vasiliy"]
[Black "Dmitrienko, Andrey"]
[Result "0-1"]
[WhiteElo "2246"]
[BlackElo "2288"]
[PlyCount "62"]
[EventDate "2008.12.15"]
[EventType "tourn"]
[EventRounds "9"]
[EventCountry "RUS"]
[SourceTitle "EXT 2022"]
[Source "ChessBase"]
[SourceDate "2021.10.06"]
[SourceVersion "1"]
[SourceVersionDate "2021.10.06"]
[SourceQuality "1"]

1. e4 c5 2. Nf3 d6 3. d4 cxd4 4. Nxd4 Nf6 5. Nc3 g6 6. Be3 Bg7 7. f3 0-0 8. Qd2 Nc6 9. 0-0-0 Be6 10. Nxe6 fxe6 11. Bc4 Qc8 12. Bb3 Na5 13. Bh6 Nxb3+ 14. axb3 Bxh6 15. Qxh6 Qc5 16. h4 Nh5 17. g4 Nf4 18. Rd2 Qe3 19. Qg5 Qxf3 20. Rhd1 Rf7 21. h5 Qe3 22. Kb1 Qf3 23. hxg6 Nxg6 24. Rh2 Qf4 25. Qh5 Rc8 26. Rdh1 Rc5 27. Qh3 Rg5 28. Qd3 Ne5 29. Qd4 Nf3 30. Ne2 Qxh2 31. Rxh2 Nxd4 0-1

[Event "RUS-chT 10th Group2"]
[Site "Togliatti"]
[Date "2003.05.18"]
[Round "3"]
[White "Konstantinov, Vasiliy"]
[Black "Askarov, Marat"]
[Result "0-1"]
[WhiteElo "2254"]
[BlackElo "2260"]
[PlyCount "66"]
[EventDate "2003.05.16"]
[EventType "team-tourn"]
[EventRounds "6"]
[EventCountry "RUS"]
[SourceTitle "EXT 2020"]
[Source "ChessBase"]
[SourceDate "2019.10.17"]
[SourceVersion "1"]
[SourceVersionDate "2019.10.17"]
[SourceQuality "1"]
[WhiteTeam "Orel OShK"]
[BlackTeam "Kazan Ladya"]
[WhiteTeamCountry "RUS"]
[BlackTeamCountry "RUS"]

1. e4 c5 2. Nf3 d6 3. d4 cxd4 4. Nxd4 Nf6 5. Nc3 a6 6. Bc4 e6 7. Bb3 Nbd7 8. Be3 Nc5 9. f3 Be7 10. Qd2 Qc7 11. g4 b5 12. g5 Nfd7 13. 0-0-0 b4 14. Na4 Ne5 15. f4 Ned7 16. f5 e5 17. Ne2 Nxb3+ 18. axb3 Bb7 19. Ng3 Rc8 20. h4 d5 21. exd5 Bxd5 22. Nb6 Nxb6 23. Bxb6 Qc6 24. Rh2 Bxb3 25. Kb1 Ba4 26. Qf2 b3 27. c3 Bb5 28. Nh5 Qe4+ 29. Kc1 0-0 30. f6 Ba3 31. Ba5 Bc5 32. fxg7 Be3+ 33. Rd2 Qc2# 0-1

[Event "RUS-ch Schools"]
[Site "Novokuznetsk"]
[Date "2001.??.??"]
[Round "4"]
[White "Konstantinov, Vasiliy"]
[Black "Khabibullin, Alexander"]
[Result "1/2-1/2"]
[WhiteElo "2281"]
[BlackElo "2194"]
[PlyCount "25"]
[EventDate "2001.10.??"]
[EventType "swiss"]
[EventRounds "9"]
[EventCountry "RUS"]
[SourceTitle "CBM 085 Extra"]
[Source "ChessBase"]
[SourceDate "2002.01.21"]
[SourceVersion "1"]
[SourceVersionDate "2002.01.21"]
[SourceQuality "1"]

1. e4 c6 2. d4 d5 3. Nd2 dxe4 4. Nxe4 Nf6 5. Nxf6+ gxf6 6. Nf3 Bg4 7. Be2 e6 8. Be3 Qc7 9. Qd2 Nd7 10. 0-0-0 0-0-0 11. c4 Nb6 12. Qa5 Kb8 13. b3 1/2-1/2